| 000 | 00817nam a2200289 a 4500 | ||
|---|---|---|---|
| 003 | AR-BaBNM | ||
| 005 | 20251128210810.0 | ||
| 008 | 082120s2002 ||||||||||||||000 | spa|| | ||
| 020 | _a968-444-217-3 | ||
| 040 | _cAR-BaBNM | ||
| 100 | 1 | _aEspíndola Castro, José Luis | |
| 245 | 0 | 0 | _aFundamentos de la cognición |
| 250 | _a1ª ed. | ||
| 260 |
_aMéxico, D.F. _bAlhambra Mexicana _c1996 |
||
| 300 |
_a204 p. _bil., tablas |
||
| 490 | 0 | _aDesarrollo de habilidades del pensamiento | |
| 500 | _aContiene referencias bibliográficas | ||
| 650 | 4 | _aMETODOS DE ESTUDIO | |
| 650 | 4 | _aPROCESOS MENTALES SUPERIORES | |
| 650 | 4 | _aINTELIGENCIA | |
| 650 | 4 | _aPENSAMIENTO LOGICO | |
| 650 | 4 | _aPROCESO COGNOSCITIVO | |
| 650 | 4 | _aACTIVIDADES | |
| 650 | 4 | _aTECNICAS DIDACTICAS | |
| 942 | _cBK | ||
| 998 | _cRAQUEL | ||
| 999 |
_c16962 _d16962 |
||